ភាសារខ្មែរ ថ្នាក់មូលដ្ខាន សម្រាប់កុមារ/ (Record no. 8217)
[ view plain ]
| 000 -LEADER | |
|---|---|
| fixed length control field | 01689nam a22003137a 4500 |
| 001 - CONTROL NUMBER | |
| control field | 8217 |
| 003 - CONTROL NUMBER IDENTIFIER | |
| control field | FISKH |
| 005 - DATE AND TIME OF LATEST TRANSACTION | |
| control field | 20250903100955.0 |
| 008 - FIXED-LENGTH DATA ELEMENTS--GENERAL INFORMATION | |
| fixed length control field | 250903b cb ||||| |||| 00| 0 eng d |
| 020 ## - INTERNATIONAL STANDARD BOOK NUMBER | |
| International Standard Book Number | 9789996353536 |
| 020 ## - INTERNATIONAL STANDARD BOOK NUMBER | |
| International Standard Book Number | 9789996353536 |
| 040 ## - CATALOGING SOURCE | |
| Original cataloging agency | FISKH |
| Language of cataloging | eng |
| Transcribing agency | FISKH |
| Modifying agency | FISKH |
| 050 ## - LIBRARY OF CONGRESS CALL NUMBER | |
| Classification number | PZ7 |
| 082 ## - DEWEY DECIMAL CLASSIFICATION NUMBER | |
| Classification number | 495.911 |
| 100 ## - MAIN ENTRY--PERSONAL NAME | |
| Personal name | Ly, Chea |
| 245 ## - TITLE STATEMENT | |
| Title | ភាសារខ្មែរ ថ្នាក់មូលដ្ខាន សម្រាប់កុមារ/ |
| Statement of responsibility, etc. | អ្នកនិពន្ធ ជាលី និង វិចិត្រករ ម៉ម តុលា |
| 260 ## - PUBLICATION, DISTRIBUTION, ETC. | |
| Place of publication, distribution, etc. | Phnom Penh : |
| Name of publisher, distributor, etc. | You Can, |
| Date of publication, distribution, etc. | 2010. |
| 300 ## - PHYSICAL DESCRIPTION | |
| Extent | 82 pages : |
| Other physical details | color illustrations ; |
| Dimensions | 26 cm |
| 505 ## - FORMATTED CONTENTS NOTE | |
| Formatted contents note | F<br/> |
| 520 ## - SUMMARY, ETC. | |
| Summary, etc. | សៀវភៅភាសាខ្មែរថ្នាក់មូលដ្ខានសម្រាប់កុមារជាជំនួយដលើប្អូនៗកុមារនិងអ្នកសិក្សាគ្រប់រូប។ សៀវភៅនេះមានភាពទាក់ទាញគួរឲ្យចង់រៀនចង់មើល ចង់អានព្រោះវាមានលក្ខណះពិសេស។ |
| 520 ## - SUMMARY, ETC. | |
| Summary, etc. | This Khmer-language book for kindergarten is designed to help young children and all students. The book is engaging and appealing, encouraging reading and learning because it has special features |
| 521 8# - TARGET AUDIENCE NOTE | |
| Target audience note | 300<br/><br/> |
| Source | Lexile estimate<br/> |
| 521 8# - TARGET AUDIENCE NOTE | |
| Target audience note | F<br/> |
| Source | Raz-Plus<br/> |
| 650 ## - SUBJECT ADDED ENTRY--TOPICAL TERM | |
| Topical term or geographic name entry element | សៀវភៅស្វ័យសិក្សារ |
| Form subdivision | ភាសាខ្មែរ |
| 650 ## - SUBJECT ADDED ENTRY--TOPICAL TERM | |
| Topical term or geographic name entry element | Self Study |
| Form subdivision | Khmer |
| 700 ## - ADDED ENTRY--PERSONAL NAME | |
| Personal name | Tola, Mam |
| Relator term | illustrator |
| 942 ## - ADDED ENTRY ELEMENTS (KOHA) | |
| Source of classification or shelving scheme | Dewey Decimal Classification |
| Koha item type | Khmer Books |
| Suppress in OPAC | No |
| Withdrawn status | Lost status | Source of classification or shelving scheme | Damaged status | Not for loan | Collection | Home library | Current library | Shelving location | Date acquired | Total Checkouts | Full call number | Barcode | Date due | Date last seen | Date last checked out | Copy number | Price effective from | Koha item type |
|---|---|---|---|---|---|---|---|---|---|---|---|---|---|---|---|---|---|---|
| Dewey Decimal Classification | Khmer Language Books / សៀវភៅភាសាខ្មែរ | Footprints International School Library Network Toul Kork Campus | Footprints International School Library Network Toul Kork Campus | TK Old Khmer Books (Rear Hallway Shelf 3) | 09/03/2025 | 1 | CHE 495.911 PZ7 | 2025-4358 | 11/27/2025 | 11/13/2025 | 11/13/2025 | 1 | 09/03/2025 | Khmer Books | ||||
| Dewey Decimal Classification | Khmer Language Books / សៀវភៅភាសាខ្មែរ | Footprints International School Library Network Toul Kork Campus | Footprints International School Library Network Toul Kork Campus | TK Old Khmer Books (Rear Hallway Shelf 3) | 09/03/2025 | 1 | CHE 495.911 PZ7 | 2025-4359 | 11/27/2025 | 11/13/2025 | 11/13/2025 | 2 | 09/03/2025 | Khmer Books | ||||
| Dewey Decimal Classification | Khmer Language Books / សៀវភៅភាសាខ្មែរ | Footprints International School Library Network Toul Kork Campus | Footprints International School Library Network Toul Kork Campus | TK Old Khmer Books (Rear Hallway Shelf 3) | 09/03/2025 | CHE 495.911 PZ7 | 2025-4360 | 09/03/2025 | 3 | 09/03/2025 | Khmer Books |
